00525nam a22001697a 450000500170000001000150001702000260003203500130005803700130007108200160008424501200010026000380022027000440025830000200030250000190032270000140034120150903114727.0 aENG-113459 c700.00a9788173872280 aEN-96991 bDBAD/PUB a551.6095496 aClimate change in the Himalayas :cedited by Vir Singh...[et al]bpreserving the third pole for cooling the earth / aNew DelhibIndus Publishingc2011 aFS- 5, Tagore GardenbNew Delhie110027 a302p.c22cm(Hb) aIncludes index aVir Singh